| 000 | 00522nmm a2200169Ia 4500 | ||
|---|---|---|---|
| 008 | 251105s9999||||xx |||||||||||||||||und|| | ||
| 020 | _a9789585180314 | ||
| 041 | _aspa | ||
| 100 | _aCastaño Zapata, Daniel | ||
| 245 | 0 |
_aTanto ardor : _b Un ensayo sobre el amor |
|
| 264 |
_a[Bogotá, Colombia] : _bSello Editorial Universidad de Medellín, _c2022 |
||
| 300 | _a114 páginas | ||
| 490 | _aCiencias Sociales y Humanas | ||
| 650 | _aRomance | ||
| 856 | _uhttps://public.digitaliapublishing.com/a/128200 | ||
| 942 | _cCF | ||
| 999 |
_c95127 _d95127 |
||